Consumer Economic Problems

Bibliographic Details
Main Author: Warmke, Roman F.
Other Authors: Wyllie, Eugene D.
Format: Book
Published: Cincinnati : South-Western Publishing , 1977
Edition:9th ed.
Subjects:

MARC

LEADER 00000cam a2200000 7i4500
001 0000000443
005 20050617.0
020 |a 0538083409 
040 |a INS 
090 0 0 |a TX335.   |b W27 1977 
100 1 |a Warmke, Roman F. 
245 1 0 |a Consumer Economic Problems   |c Roman F.Warmke 
250 |a 9th ed. 
260 |a Cincinnati :   |b South-Western Publishing ,   |c 1977 
300 |a vi :   |b 650p. ;   |c 24 cm. 
650 0 0 |a Consumer protection 
650 0 0 |a Consumption (Economics) 
700 1 |a Wyllie, Eugene D. 
999 |a 0000001325   |b BOOK   |c Open Shelf   |e Default branch